| 000 | 00909cad a22002295a 4500 | ||
|---|---|---|---|
| 001 | E154986 | ||
| 008 | 120619s2012 xxka f 000 0 eng d | ||
| 035 | _a(Sirsi) u154986 | ||
| 041 | 0 | _aeng | |
| 050 | 0 | 4 | _a333.33 $2 18 |
| 110 | 2 |
_aSavills _92020 |
|
| 245 | 0 | 0 |
_aScottish estate benchmarking survey 2011 _h[electronic resource] |
| 260 |
_a[Edinburgh] _bSavills _c2012 |
||
| 490 | 0 | _aSavills Scottish Estate Benchmarking Survey | |
| 520 | _aSuggests that Scottish rural estates have seen their gross incomes rise, however rising costs have affected net profits. This challenge of rising costs is predicted to continue. | ||
| 521 | _aAdvanced | ||
| 590 | _aKA | ||
| 651 | 4 |
_aScotland _y1999- |
|
| 690 |
_aRural _96268 |
||
| 856 | 4 | 0 |
_uhttps://pdf.euro.savills.co.uk/uk/rural---other/scottish-estates-benchmarking-jan-2012.pdf _zView the report after free registration at www.savills.co.uk |
| 942 | _n0 | ||
| 999 |
_c113271 _d113271 |
||